Innovación tecnológica y perfeccionamiento de las pequeñas y medianas empresas en la República Federal de Alemania : Incentivos y financiamiento /

محفوظ في:
التفاصيل البيبلوغرافية
المؤلف الرئيسي: Meyer-Stamer, Jörg (autor)
مؤلفون آخرون: Wältring, Frank (autor) (autor)
التنسيق: كتاب
اللغة:الإسبانية
منشور في: Santiago, Chile : ONU, Red de Reestructuración y Competitividad, División de Desarrollo Productivo y Empresarial, 2002, c2002
سلاسل:(Desarrollo Productivo ; 120)
الموضوعات:
الوسوم: إضافة وسم
لا توجد وسوم, كن أول من يضع وسما على هذه التسجيلة!

MARC

LEADER 00000nam^a2200000^a^4500
001 000183665
005 20250521000000.0
009 20260310102048.181
020 |a 92-1-92-1-321997-0 
037 |a Acervo ITESO - Biblioteca 
041 |a ESP 
082 |a 658. 0220943  |b MEY 
100 |a Meyer-Stamer, Jörg  |e (autor) 
245 1 0 |a Innovación tecnológica y perfeccionamiento de las pequeñas y medianas empresas en la República Federal de Alemania :  |b Incentivos y financiamiento /  |c J. Meyer-Stamer, F.Wältring. 
264 4 |a Santiago, Chile :  |b ONU, Red de Reestructuración y Competitividad, División de Desarrollo Productivo y Empresarial,  |c 2002, c2002 
300 |a 82 p. 
336 |a texto  |b txt  |2 rdacontenido 
337 |a sin mediación  |b n  |2 rdamedio 
338 |a volumen  |b nc  |2 rdasoporte 
440 1 |a (Desarrollo Productivo ;  |v 120) 
649 |a XX 
650 |a Pequeña Empresa -  |z Alemania -  |x Aspectos Tecnológicos 
650 |a Pequeña Empresa -  |z Alemania -  |x Aspectos Jurídicos 
650 |a Pequeña Empresa -  |z Alemania -  |x Administración 
650 |a Mediana Empresa -  |z Alemania -  |x Aspectos Tecnológicos 
650 |a Mediana Empresa -  |z Alemania -  |x Aspectos Jurídicos 
650 |a Mediana Empresa -  |z Alemania -  |x Administración 
650 |a Automatización 
650 |a Información -  |x Administración 
650 |a Redes de Computadoras 
650 |a Sistemas de Información 
650 |a Desarrollo de Sistemas 
650 |a Desarrollo Tecnológico 
650 |a Tecnologías de Comunicación e Información 
650 |a Informática 
650 |a Desarrollo de Productos Nuevos 
650 |a Exportaciones 
650 |a Transferencia de Tecnología 
650 |a Formación y Capacitación Laboral 
650 |a Empleo y Desempleo 
650 |a Redes Sociales -  |z Alemania 
650 |a Planeación Estratégica 
650 |a Administración Financiera 
650 |a Proceso Administrativo -  |z Alemania 
650 |a Industria Manufacturera -  |z Alemania -  |x Administración 
650 |a Cooperativas -  |z Alemania -  |x Administración 
650 |a Ingeniería Industrial 
650 |a Economía -  |z Alemania 
650 |a Alemania -  |x Condiciones Económicas 
650 |a Ciencias Administrativas 
700 |a Wältring, Frank  |e (autor) 
910 |a Fondo General 
920 |a Impresos - Libros 
930 |a Colección General 
905 |a 101 
901 |a 0500124070  |b IT1  |c ACC  |u 20250521 
902 |a https://opac.biblio.iteso.mx/vufind/Record/000183665